000 00852nam a22002057i 4500
999 _c23188
_d23188
003 AR-CdUCM
008 250122b20222022 pe||||| |||| 00| 0 spa d
020 _a978-612-47305-8-0
040 _aMUNICIPALIDAD PROVINCIAL DEL CUSCO
_cBIBLIOTECA MUNICIPAL DEL CUSCO
041 _hspa
082 _a869.009 / P23
_bP23
100 _aPantoja Palomino, Mario
_950952
245 _aLos escritores son bien Maridos o bien Amantes /
260 _aCusco :
_bSieteculebras Editores
_c2022
300 _a223 páginas. :
_c21x14 cm.
500 _zBibliografía: páginas 217-222
505 _aBorges: una suerte de poesía y narrativa deslumbrantes -- La escritura barroca en la narrativa de Sabaté -- La fabulación mágica en la narrativa de García Márquez -- Arguedas y la novela agónica de los zorros
942 _2ddc
_cLIBROS
945 _apbjr
_d22-01-2025